000 00688nam a2200205Ia 4500
003 OSt
005 20250728102924.0
008 210210b2000 xxu||||| |||| 00| 0 eng d
040 _cAL
041 _aKannada
082 _a039.4K KANN
100 _aKANNADA VISHVAVIDYALAYA
_987592
_dಕನ್ನಡ ವಿಶ್ವವಿದ್ಯಾಲಯ
245 _aKannada vishvavidyalaya vishvakosha: 3 Dharma
_bಕನ್ನಡ ವಿಶ್ವವಿದ್ಯಾಲಯ ವಿಶ್ವಕೋಶ : ೩ ಧರ್ಮ
260 _aHampi
_bPrasaranga Kannada Vishvavidyalaya
_c2000
300 _av,520
440 _a3
_987593
690 _aEncyclopaedia
_987594
906 _a056231
942 _2ddc
_cBK
999 _c103770
_d103770